[Event "Maraba op 2nd"]
[Site "Maraba"]
[Date "2015.04.25"]
[Round "3"]
[White "Laranjeira, Marcio Muniz"]
[Black "De Sousa, Werlles Milhomem"]
[Result "0-1"]
[WhiteElo "1892"]
[BlackElo "1894"]
[PlyCount "60"]
[EventDate "2015.04.24"]
[EventType "swiss"]
[EventRounds "6"]
[EventCountry "BRA"]
[SourceTitle "CBM 166 Extra"]
[Source "ChessBase"]
[SourceDate "2015.06.18"]
[SourceVersion "1"]
[SourceVersionDate "2015.06.18"]
[SourceQuality "1"]

1. e4 c5 2. Nf3 Nc6 3. Nc3 g6 4. d4 cxd4 5. Nxd4 Bg7 6. Be3 d6 7. Bb5 Bd7 8. 0-0 Nf6 9. Qd2 0-0 10. h3 Rc8 11. Bd3 a6 12. f4 Qa5 13. f5 b5 14. a3 Ne5 15. Kh1 Nc4 16. Bxc4 Rxc4 17. Rad1 Rfc8 18. Nb3 Qc7 19. e5 Nh5 20. exd6 Ng3+ 21. Kg1 Nxf1 22. Rxf1 Qxd6 23. fxg6 hxg6 24. Qf2 Be6 25. Na5 Rxc3 26. bxc3 Rxc3 27. Nb7 Qd5 28. Nc5 Rxe3 29. Qxe3 Bd4 30. Nxe6 Bxe3+ 0-1